000 00298nam a2200133Ia 4500
008 230312s9999||||xx |||||||||||||| ||und||
082 _a005.74
_bHOF-M
100 _aHoffer, Jeffrey A
245 0 _aModern Database Management
300 _a638
546 _aEng.
650 _aComputer
942 _cBK
999 _c6012
_d6012